| 000 | 01380cam a22002054a 4500 | ||
|---|---|---|---|
| 005 | 20250605163941.0 | ||
| 008 | 250528s ||||||||||||||||||||||||d | ||
| 035 | _a15049 | ||
| 020 | _a7100226 | ||
| 040 |
_aGR-AtMCL _bgre _dGR-AtMCL _eAACR2 |
||
| 245 | 1 | _aIntermediate Accounting / Revised Sixth Edition | |
| 250 | _a6th | ||
| 260 |
_bMcgraw Hill Book Company, _c1989 |
||
| 300 | _a1368 | ||
| 520 | _aPreface, Basic Concepts and Financial Statements, Accounting Principles and Professional Practice, Information Processing and the Accounting Cycle, Revenue and Expense Recognition: Income Measurement and Reporting, Financial Statements and Additional Disclosures, Working Capital, Cash and Short-Term Investments, Receivables, Inventoris: Cost and Cost Flow Assumptions, Inventories: Special Valuation Methods, Current Liabilities and Contingencies, Long-Term Assets and Liabilities, Plant Assets: Depreciation and Depletion, Long-Term Investments, Long-Term Debt, Stockholders' Equity, Treasyry Stock and Earnings Per Share, More Complex Accounting Topics, Accounti9ng for Income Taxes, Analytical Procedures and Statements, Statement of Cash Flows, Analysis of Financial Statements, Accounting for the Effects of Changing Prices, Appendix: Monetary and Nonmonetary Items, Index. | ||
| 700 | 1 |
_aMosich A.N _9884 |
|
| 942 | _cBK | ||
| 999 |
_c651 _d651 |
||